000 00719cam a2200145 4500500
005 20260208005827.0
041 _afre
042 _adc
100 1 0 _aPety, Dominique
_eauthor
245 0 0 _aEdmond et Jules de Goncourt, Correspondance générale. Tome 1 (1843-1862). Édition établie, présentée et annotée par Pierre-Jean DUFIEF. Paris, Champion, coll. « Bibliothèque des correspondances, 6 », 2004. Un vol. 15,5 × 22,5 de 709 p.
260 _c2005.
500 _a7
786 0 _nRevue d'histoire littéraire de la France | 105 | 3 | 2005-06-01 | p. 655zf-764zf | 0035-2411
856 4 1 _uhttps://shs.cairn.info/revue-d-histoire-litteraire-de-la-france-2005-3-page-655zf?lang=fr&redirect-ssocas=7080
999 _c1653967
_d1653967